000 00655nam a2200241Ia 4500
001 dia_2744
003 CHAP
005 20230515134806.0
008 220117s1990 xx 000 0 und d
010 _a173239
040 _cCHAP
082 _a664.07 B4
100 _aBessiere, Y.
_912043
245 _aFlavour Science and Technology /
_c by Y. Bessiere and A. F. Thomas
260 _aNew york, John Wiley & Sons
_c1990
300 _a369P.
500 _aI. 163070
650 _aAlimentos
_x anĂ¡lisis
_94164
901 _a664.07 B4
902 _aM
905 _a0000001990 NEW 0000000000ING00
942 _cLIBRO
_2ddc
999 _c173239
_d173239